000 00432nam a2200169Ia 4500
003 GCL
008 140319s9999 xx 000 0 eng d
020 _a7508503791
040 _aGCL /
_cGCL
082 0 4 _a746.92
_bC C
245 1 0 _aCHINESE MINORITY COSTUMES
260 _aالصين :
_bCHINA INTERCONTINENTAL PRESS ،
_c2004
300 _a30 CM ؛
_c218 P
650 0 4 _aCOSTUMES
650 0 4 _aCOSTUMES - CHINA
942 _2ddc
_cBK
999 _c9099
_d9099